000 00490nmm a2200157Ia 4500
008 251105s9999||||xx |||||||||||||||||und||
020 _a9789586485906
041 _aspa
100 _aCórdoba Padilla, Marcial
245 0 _aFinanzas públicas :
_b Soporte para el desarrollo del estado
264 _a[Bogotá, Colombia] :
_bEcoe Ediciones,
_c2009
300 _a426 páginas
650 _aEconomics and Business
856 _uhttps://public.digitaliapublishing.com/a/102947
942 _cCF
999 _c95270
_d95270